Tulajdonközösség megszüntetése bírói árverés utján [!útján]

Elmentve itt :
Bibliográfiai részletek
Szerző: Molnár Pál
Dokumentumtípus: Cikk
Megjelent: 1938
Sorozat:Polgári jog : a hazai és külföldi magánjog és hiteljog szemléje 14
Kulcsszavak:Dologi jog - magyar
Online Access:http://misc.bibl.u-szeged.hu/6589
LEADER 00639nab a2200169 i 4500
001 misc6589
005 20191106142051.0
008 170607s1938 hu o 0|| hun d
040 |a SZTE Miscellanea Repozitórium  |b hun 
041 |a hun 
100 1 |a Molnár Pál 
245 1 0 |a Tulajdonközösség megszüntetése bírói árverés utján [!útján]  |h [elektronikus dokumentum] /  |c  Molnár Pál 
260 |c 1938 
300 |a 310-315a 
490 0 |a Polgári jog : a hazai és külföldi magánjog és hiteljog szemléje  |v 14 
695 |a Dologi jog - magyar 
856 4 0 |u http://misc.bibl.u-szeged.hu/6589/1/polgari_jog_1938_310-315a.pdf  |z Dokumentum-elérés